Wild oats and fireweed : new poems /

Bibliographic Details
Main Author: Le Guin, Ursula K., 1929-2018
Format: Book
Language:English
Published: New York : Harper & Row, [1988]
Edition:1st ed.

MARC

Tag First Indicator Second Indicator Subfields
LEADER 00000cam a22000008a 4500
001 in00000007562
005 20180926133117.0
008 870806s1988 nyu 00010 eng
010 |a  87045222  
020 |a 0060551011 :  |c 12.95 
020 |a 0060962275 (pbk.) :  |c $6.95 
035 |a (OCoLC)16527792 
035 |9 AAA2057AM 
040 |a DLC  |c DLC  |d TXA  |d UtOrBLW 
049 |a TXAM  |c [A11028898] 
050 0 0 |a PS3562.E42  |b W55 1987 
050 4 |a PS3562.E42  |b W55 1988 
082 0 |a 811/.54  |2 19 
100 1 |a Le Guin, Ursula K.,  |d 1929-2018. 
245 1 0 |a Wild oats and fireweed :  |b new poems /  |c Ursula K. Le Guin. 
250 |a 1st ed. 
263 |a 8710 
264 1 |a New York :  |b Harper & Row,  |c [1988] 
264 4 |c ©1988 
300 |a 90 pages 
336 |a text  |b txt  |2 rdacontent 
337 |a unmediated  |b n  |2 rdamedia 
338 |a volume  |b nc  |2 rdacarrier 
999 |a MARS 
999 f f |s 734bd020-db51-34b8-98f4-af8e0e821b2a  |i a5801af6-c33d-30a4-b4b5-dc0777dc760e  |t 0 
952 f f |p normal  |a Texas A&M University  |b College Station  |c Sterling C. Evans Library  |d Evans: Library Stacks  |t 0  |e PS3562.E42 W55 1988  |h Library of Congress classification  |i unmediated -- volume  |m A14811028898 
998 f f |a PS3562.E42 W55 1988  |t 0  |l Evans: Library Stacks